Dossier d'information sur les crimes de guerre contre les femmes en ex-Yougoslavie -actions et initiatives pour les défendre =Compilation of Information on Crimes of War against Women in ex-Yugoslavia – and Actions and Initiatives in their Defence (Record no. 880)

MARC details
000 -LEADER
fixed length control field 006510000a22001570004500
008 - FIXED-LENGTH DATA ELEMENTS--GENERAL INFORMATION
fixed length control field 230817t ||||| |||| 00| 0 eng d
022 ## - INTERNATIONAL STANDARD SERIAL NUMBER
ISSN 10181342
082 ## - DEWEY DECIMAL CLASSIFICATION NUMBER
Classification number 305.89
Item number WOM
942 ## - ADDED ENTRY ELEMENTS (KOHA)
Item Type Reports
110 ## - MAIN ENTRY--CORPORATE NAME
Corporate Name Women Living Under Muslim Laws
245 ## - TITLE STATEMENT
Title Dossier d'information sur les crimes de guerre contre les femmes en ex-Yougoslavie -actions et initiatives pour les défendre =Compilation of Information on Crimes of War against Women in ex-Yugoslavia – and Actions and Initiatives in their Defence
260 ## - PUBLICATION, DISTRIBUTION, ETC. (IMPRINT)
Place of Publication Grables:
Name of Publisher WLUML,
Date of Copyright 1994
300 ## - PHYSICAL DESCRIPTION
Extent xiv., 681 p.
Physical Details Bibliography included
650 ## - SUBJECT ADDED ENTRY--TOPICAL TERM
Topical Term WOMEN- Yogoslavia
650 ## - SUBJECT ADDED ENTRY--TOPICAL TERM
Topical Term Women- War affected
Holdings
Withdrawn status Lost status Source of classification or shelving scheme Damaged status Not for loan Permanent location Current location Date acquired Total Checkouts Full call number Barcode Date last seen Price effective from Koha item type
    Dewey Decimal Classification     Resource center, Muslim Women's Research And Action Forum Resource center, Muslim Women's Research And Action Forum 2023-08-17   305.89 WOM RAF3737 2023-08-17 2023-08-17 Reports

Copyright © 2023 Muslim Women's Research and Action Forum (MWRAF), No 27/3, Anderson Road, Kalubowila, Dehiwela. Funded by The Asia Fundation